000 00758nam a2200373Ia 4500
001 13782
003 26811
005 20240712160603.0
008 ||||||n9999 ||| || ||
111 _aInternational Conference On The Future Of Public
_921917
245 0 _aSessionss plenieres
562 _e1
942 _cBKM
999 _c13782
_d13782
526 _a17598
526 _a102617
526 _a102618
526 _a15794
526 _a102619
526 _a102620
526 _a10406
526 _a105630
526 _a1698
526 _a116204
526 _a4969
526 _a19790
526 _a104436
526 _a5144
526 _a51868
526 _a3899
526 _a9683
526 _a
526 _a1703
526 _a1697